| Registos Bibliográficos associados ao registo de autoridade |
|
Etiqueta de registo: 00254nam 2200025 450 001 2288097 003 http://id.bnportugal.gov.pt/bib/catbnp/2288097 100 ## $a20260617d2023 k y0pory01030103ba 101 0# $apor$deng 102 ## $aPT 105 ## $aa m 000yy 106 ## $ar 200 1# $aDesign persuasivo e a experiência de compra online$eanálise empírica de plataformas de comércio eléctrico (E-commerce)$fTiago Luís Ramos Silva Machado$gorient. Emílio Manuel Távora Vilar 210 #9 $aLisboa$c[s.n.],$d2023 215 ## $a1095 p.$cil.$d30 cm 328 #1 $aTese dout. Belas-Artes (Design de Comunicação), Faculdade de Belas-Artes, Universidade
de Lisboa, 2023 700 #1 $aMachado,$bTiago Luís Ramos Silva$32000850 702 #1 $aVilar,$bEmílio,$f1964-$4727$334933 801 #0 $aPT$bBN$gRPC 966 ## $lBN$mFGMON$x1 971 ## $cssilva$d20260617
|
|
|